[Event "Agneaux St Lo U16 op 21th"]
[Site "Agneaux"]
[Date "2019.07.13"]
[Round "9.4"]
[White "Cwiek, Ryszard"]
[Black "Rubtsov, Maxim"]
[Result "0-1"]
[WhiteElo "1728"]
[BlackElo "1514"]
[PlyCount "102"]
[EventDate "2019.07.06"]
[EventType "swiss"]
[EventRounds "9"]
[EventCountry "FRA"]
[SourceTitle "EXT 2020"]
[Source "ChessBase"]
[SourceDate "2019.10.17"]
[SourceVersion "1"]
[SourceVersionDate "2019.10.17"]
[SourceQuality "1"]

1. e4 c5 2. c3 d5 3. exd5 Qxd5 4. d4 Nf6 5. Nf3 Bg4 6. Qa4+ Nc6 7. Bc4 Qe4+ 8. Be3 Bxf3 9. Nd2 Qg4 10. Nxf3 Qxg2 11. Ke2 Qg4 12. Bb5 Rc8 13. Qxa7 Qd7 14. Qa4 e6 15. dxc5 Nd5 16. Rhd1 Qc7 17. Qe4 Nxe3 18. Qxe3 Be7 19. b4 0-0 20. Bxc6 Qxc6 21. Ne5 Qa6+ 22. Qd3 Qa3 23. Nc4 Qa7 24. Nb6 Rcd8 25. Qc4 Qb8 26. f4 Qc7 27. Rxd8 Bxd8 28. Qe4 Qe7 29. Qe3 Qh4 30. Qg3 Qh5+ 31. Ke3 Bxb6 32. cxb6 Qb5 33. Qg5 e5 34. f5 Qxb6+ 35. Ke2 Qb5+ 36. Ke1 e4 37. a4 Qe5 38. Rc1 Qxh2 39. Qe3 Rd8 40. Qg5 Qh1+ 41. Kf2 Qf3+ 42. Kg1 f6 43. Qg2 Qe3+ 44. Kh2 Rd2 45. Rg1 Rxg2+ 46. Rxg2 Qf4+ 47. Kh3 e3 48. a5 e2 49. Rxe2 Qxf5+ 50. Kh4 g5+ 51. Kh5 Qh3# 0-1

[Event "Agneaux St Lo U16 op 21th"]
[Site "Agneaux"]
[Date "2019.07.11"]
[Round "7.3"]
[White "Rubtsov, Maxim"]
[Black "Yapi, Mathis Seka"]
[Result "1-0"]
[WhiteElo "1514"]
[BlackElo "1656"]
[PlyCount "101"]
[EventDate "2019.07.06"]
[EventType "swiss"]
[EventRounds "9"]
[EventCountry "FRA"]
[SourceTitle "EXT 2020"]
[Source "ChessBase"]
[SourceDate "2019.10.17"]
[SourceVersion "1"]
[SourceVersionDate "2019.10.17"]
[SourceQuality "1"]

1. e4 e5 2. Nf3 Nc6 3. Bb5 a6 4. Ba4 Nf6 5. 0-0 Be7 6. Re1 b5 7. Bb3 d6 8. c3 0-0 9. h3 Nb8 10. d3 Nbd7 11. Nbd2 Nc5 12. Bc2 Ne6 13. Nf1 h6 14. Ng3 Nh7 15. a4 Bb7 16. Nf5 Nhg5 17. Nxe7+ Qxe7 18. Nxg5 Nxg5 19. Qg4 Qf6 20. h4 Ne6 21. Re3 Nf4 22. g3 Bc8 23. Qf3 Nh3+ 24. Kf1 Qg6 25. d4 Be6 26. Bd3 Bd7 27. axb5 axb5 28. Rxa8 Rxa8 29. Re1 c5 30. dxc5 dxc5 31. c4 b4 32. Qe3 Rc8 33. Be2 Qb6 34. Kg2 Qg6 35. Qf3 Rc6 36. g4 Nf4+ 37. Bxf4 exf4 38. Rd1 Rd6 39. Qxf4 Rxd1 40. Bxd1 Be6 41. h5 Qg5 42. Qxg5 hxg5 43. Be2 f6 44. f4 Kf8 45. Kf3 Ke7 46. Ke3 Kd6 47. e5+ Ke7 48. Ke4 b3 49. f5 Bc8 50. exf6+ Kxf6 51. Kd5 1-0

[Event "Agneaux St Lo U16 op 21th"]
[Site "Agneaux"]
[Date "2019.07.06"]
[Round "1.4"]
[White "Piassale, Nils"]
[Black "Rubtsov, Maxim"]
[Result "0-1"]
[WhiteElo "1763"]
[BlackElo "1514"]
[PlyCount "130"]
[EventDate "2019.07.06"]
[EventType "swiss"]
[EventRounds "9"]
[EventCountry "FRA"]
[SourceTitle "EXT 2020"]
[Source "ChessBase"]
[SourceDate "2019.10.17"]
[SourceVersion "1"]
[SourceVersionDate "2019.10.17"]
[SourceQuality "1"]

1. e4 c5 2. Nf3 Nc6 3. d4 cxd4 4. Nxd4 Nf6 5. Nc3 e5 6. Ndb5 d6 7. Bg5 a6 8. Na3 b5 9. Nd5 Be7 10. Bxf6 Bxf6 11. c3 0-0 12. Be2 Bg5 13. 0-0 Be6 14. Nc2 Ne7 15. Ncb4 Kh8 16. a4 Nxd5 17. Nxd5 bxa4 18. Rxa4 a5 19. Qd3 Rb8 20. b4 axb4 21. cxb4 f5 22. Bf3 Bd7 23. Ra5 Rxb4 24. Nxb4 Qxa5 25. Qxd6 Rd8 26. Nc6 Bxc6 27. Qxc6 f4 28. Rc1 Qd2 29. h3 Bh4 30. Rf1 Qd4 31. Qc2 Qd2 32. Qc5 Qd4 33. Qxd4 exd4 34. Rd1 d3 35. Kf1 Bf6 36. g3 fxg3 37. fxg3 Be5 38. Kf2 d2 39. Ke3 Bxg3 40. Bg4 Be5 41. Be6 Bf6 42. Bd5 Bg5+ 43. Kd4 Rc8 44. e5 g6 45. Bb3 Kg7 46. Bd5 Bf4 47. Ke4 g5 48. h4 h6 49. hxg5 hxg5 50. Be6 Re8 51. Kf5 Ra8 52. Bd5 Ra5 53. Ke4 Kg6 54. e6 Kf6 55. Bb7 Re5+ 56. Kd3 Re1 57. Kc2 Kxe6 58. Bc8+ Ke5 59. Bg4 Be3 60. Kd3 Kf4 61. Be2 g4 62. Rxd2 Bxd2 63. Kxd2 Rxe2+ 64. Kxe2 Kg3 65. Ke3 Kh2 0-1